000 00609nam a22002177a 4500
003 OSt
005 20210416105726.0
008 210306s1984 ||||| |||| 00| 0 eng d
020 _a086299098X
040 _aeng
_beng
_cDLC
041 _aeng
080 _a821.111
_bB-24
100 _91271
_aBarbellion, P., N., W.
245 _aThe Journal of a Disappointed Man
_c/ by: Alan Sutton
260 _aGloucester, UK
_bAlan Sutton
_c1984
300 _a275 p.
365 _b2.95 gbp
650 0 _9247
_aEnglish literature
653 _aინგლისური ლიტერატურა
942 _2udc
_cBK
999 _c2007
_d2007